Normal view
MARC view
- Zapotecas
Entry Materia
001 - NÚMERO DE CONTROL DEL REGISTRO
- campo de control: 8619
003 - IDENTIFICADOR DE NUMERO DE CONTROL
- campo de control: MX-MxUPN
005 - FECHA Y HORA DE LA ÚLTIMA TRANSACCIÓN
- campo de control: 20230606193018.0
008 - DATOS DE LONGITUD FIJA
- campo de control de longitud fija: 230606na fnznnbaba n ana |d
035 ## - NÚMERO DE CONTROL DEL SISTEMA
- Número de control del sistema: UPN10000008625
040 ## - FUENTE DE LA CATALOGACIÓN
- Lengua de catalogación: spa
- Centro catalogador de origen: MX-MxUPN
150 ## - ENCABEZAMIENTO - TEMÁTICO
- Término de materia o nombre geográfico como elemento inicial: Zapotecas
- Subdivisión de materia general: Vida social y costumbres
670 ## - FUENTE EN LA QUE SE LOCALIZARON DATOS
- Cita de la fuente: Escamilla González, G. Lista de encabezamientos de materia, 1978 :
- Información localizada: página 87 (Aztecas -- Vida social y costumbres)
902 ## - CATALOGADOR
- Catalogador: MEEG/250108
- Catalogador: VíctorGodínez/060623
